| 000 | 00739pam a2200229 a 4500 | ||
|---|---|---|---|
| 008 | |||
| 020 | _a0824780396 (hbk.) | ||
| 049 | _aMAIN | ||
| 090 | _aT57.6 | ||
| 100 | 1 | _aHastings, Kevin J. | |
| 245 | 1 | 0 |
_aIntroduction to the mathematics of operations research / _cKevin J. Hastings. |
| 260 |
_aNew York : _bM. Dekker, _cc1989. |
||
| 300 |
_aviii, 407 p. : _bill. ; _c24 cm. |
||
| 440 | 0 |
_aMonographs and textbooks in pure and applied mathematics ; _v128 |
|
| 504 | _aIncludes bibliographical references. | ||
| 650 | 0 |
_aOperations research _xMathematics. |
|
| 907 |
_a.b10026095 _b03-12-10 _c17-04-03 |
||
| 003 | |||
| 005 | 20230123133832.0 | ||
| 040 | _cNUST | ||
| 942 |
_cBOOKS _kT57.6 |
||
| 999 |
_c155460 _d155460 |
||